Empresa Silva Internacional S. A en la División de SINSA Ingeniería

El trabajo aborda diseño de planos a nivel de anteproyecto y se utilizó la herramienta de software como Auto Cad. Diseño arquitectónico, se consideraron algunos aspectos como la situación del terrero, las dimensiones, características topográficas y orientación cardinal y luego se procedió a...

Full description

Bibliographic Details
Main Author: Bosques Baltodano, Alvaro Jhonatan
Other Authors: Tutor: Morales Sánchez, Erick Alejandro
Format: Tesis Section = Libro
Language:Undetermined
Spanish
Published: Managua UNI 2019
Subjects:
LEADER 01280nam a2200277Ia 4500
008 240830s9999 xx 000 0 und d
040 |a BIBLIOTECA-RUSB/ Mon 711.12 B744 
041 |a spa 
082 |a Mon 711.12 B744 
100 1 |a Bosques Baltodano, Alvaro Jhonatan 
245 1 0 |a Empresa Silva Internacional S. A en la División de SINSA Ingeniería 
260 |a Managua  |b UNI  |c 2019 
300 |a 56 p. :il. 
500 |a Contiene: Informe de práctica profesional, anexos y CD 
502 |a Tesis (Arquitecto) - UNI, 2019. 
520 3 |a El trabajo aborda diseño de planos a nivel de anteproyecto y se utilizó la herramienta de software como Auto Cad. Diseño arquitectónico, se consideraron algunos aspectos como la situación del terrero, las dimensiones, características topográficas y orientación cardinal y luego se procedió a la realización previamente en el programa de diseño de forma lógica y funcional. 
650 7 |a PRACTICAS PROFESIONALES 
650 7 |b  FORMACION PROFESIONAL 
650 7 |c  DISEÑO DE PLANOS 
650 7 |d  DISEÑO TRIDIMENSIONAL 
650 7 |e  DISEÑO ARQUITECTONICO 
650 7 |f  PRACTICAS PROFESIONALES 
700 1 |a Tutor:  |b Morales Sánchez, Erick Alejandro 
942 |c BK  |2 ddc 
991 |a TESIS 
999 |c 20857